NBA Player by Insane Stat-line (🌶️🌶️🌶️) - Statistics

General Stats
  • This quiz has been taken 58 times
  • The average score is 5 of 16
Answer Stats
Year Points Rebounds Assists Steals Blocks Player % Correct
1962 100 36 - - - Wilt Chamberlain
100%
2006 81 - 2 - - Kobe Bryant
93%
1978 73 8 4 - - David Thompson
48%
2017 4 12 10 10 5 Draymond Green
46%
2022 60 21 10 - - Luka Doncic
43%
2025 61 11 10 - - Nikola Jokic
41%
2017 57 13 11 - - Russell Westbrook
39%
1960 71 25 10 - - Elgin Baylor
37%
2016 60 10 11 - - James Harden
33%
1990 49 14 - 6 5 Michael Jordan
20%
1987 38 17 - - 12 Hakeem Olajuwon
11%
1967 24 38 13 - - Wilt Chamberlain
11%
1973 - 16 - - 17 Elmore Smith
4%
1956 26 38 12 - - Maurice Stokes
2%
1999 15 10 - 11 - Kendall Gill
0%
1976 29 15 - 11 - Larry Kenon
0%
No matching quizzes found
Score Distribution
Percent of People with Each Score
Percentile by Number Answered
Your Score History
You have not taken this quiz